Celebrities With "J" Names by Picture #1 - Statistics

General Stats
  • This quiz has been taken 114 times
  • The average score is 13 of 24
Answer Stats
Picture Answer % Correct
Justin Bieber
94%
Jennifer Lopez
91%
Jack Black
86%
Jennifer Lawrence
86%
John Travolta
84%
Jim Carrey
82%
James Dean
70%
Jeremy Renner
69%
Jimmy Kimmel
64%
Jeff Goldblum
62%
Jimmy Carter
62%
Julie Andrews
56%
Jennifer Garner
55%
Jessica Alba
54%
James Franco
52%
Jim Parsons
50%
Jimmy Stewart
44%
Josh Brolin
38%
James Cameron
33%
James McAvoy
27%
Jimmy Smits
24%
James Spader
22%
James Marsden
20%
Jimmy Buffett
10%
No matching quizzes found
Score Distribution
Percent of People with Each Score
Percentile by Number Answered
Your Score History
You have not taken this quiz